Nuestra sabiduría racional de Dios
Enregistré dans:
| Auteur principal: | |
|---|---|
| Format: | Livre |
| Langue: | espagnol |
| Publié: |
Madrid
Montaña
1950
|
| Collection: | Colección Cauce, 4
|
| Sujets: | |
| Tags: |
Ajouter un tag
Pas de tags, Soyez le premier à ajouter un tag!
|
MARC
| LEADER | 00000nam a2200000 a 4500 | ||
|---|---|---|---|
| 001 | UCZ5316 | ||
| 003 | CL-VaPUC | ||
| 008 | 951117e19500000SP |||||||||||||||||spa|d | ||
| 082 | 0 | 4 | |a 210 |b GAR |2 21 |
| 100 | |a García López, Jesús |e author |9 580950 | ||
| 245 | 1 | 0 | |a Nuestra sabiduría racional de Dios |
| 300 | |a 186 p | ||
| 942 | |c BK | ||
| 945 | |d 19951117 00:00:00 |a lriquelm | ||
| 260 | |a Madrid |b Montaña |c 1950 | ||
| 600 | 0 | |a Dios |9 314467 | |
| 650 | 0 | |a Teología |9 258766 | |
| 650 | 0 | |a Teoría del conocimiento |9 255038 | |
| 650 | 0 | |a Metafísica |9 265649 | |
| 650 | 0 | |a Misticismo |9 265505 | |
| 650 | 0 | |a Ontología |9 256850 | |
| 650 | 0 | |a Cognición |9 270347 | |
| 583 | |a last modification |c 19951117 00:00:00 |k Rodrigo Vera | ||
| 490 | 0 | |a Colección Cauce, 4 | |
| 999 | |c 241635 |d 241633 | ||
| 952 | |0 0 |1 0 |4 0 |6 210_000000000000000_GAR_1950 |7 0 |8 A |9 254014 |a BIBEDU |b BIBEDU |d 2019-11-19 |i 1571346 |l 1 |o 210 GAR 1950 |p 1571346 |r 2023-07-10 |s 2023-07-10 |w 2019-11-19 |y BK |k FIL | ||